Pays avec le plus d'espèces de mammifères menacées - Statistiques

Statistiques générales
  • Ce quiz a été pris 65 fois
  • Le résultat moyen est 9 sur 15
Statistiques - réponses
Nombre d'espèces menacées Pays % Correct
73 Chine
97%
80 Brésil
90%
63 Australie
84%
93 Inde
78%
191 Indonésie
71%
58 Colombie
66%
53 Pérou
66%
96 Mexique
62%
59 Thaïlande
59%
47 Équateur
57%
56 Viêt Nam
55%
71 Malaisie
53%
121 Madagascar
36%
49 Myanmar
36%
46 Cameroun
17%
Aucun quiz correspondant
Distribution des résultats
% des personnes avec chaque résultat
Percentile par nombre de réponses
Votre historique - résultats
Vous n’avez pas pris ce quiz